000 00280nam a22001217a 4500
008 170606b xxu||||| |||| 00| 0 eng d
041 _aeng
080 _a94(7/8)
100 _a18
101 _aSHH
245 _aA HISTORY OF AMERICAN FOREIGN POLICY
_cDECONDE,A
942 _2udc
_cBK
999 _c16016
_d16016